000 01139cam a22003137a 4500
003 CHAP
005 20220817043329.0
008 971013d1993 mx a r 00110 spa d
010 _a72152
011 _a73124
020 _a9688382094
035 _a82681
040 _cCHAP
082 0 4 _a574.5025
_bM4
110 0 _aMéxico. Secretaría de Desarrollo Social
245 1 0 _aOferta educativa de estudios ambientales en las instituciones de educación superior en México
_b: Dirertorio
_c/por Secretaría de Desarrollo Social
260 _aMéxico, D.F. :
_bSecretaría de Desarrollo Social,
_c1993.
300 _a104 p. :
_bilus. ; gráfs.
590 _aBATCH-UPD
_b10
_c20130110
_lUCH01
_h2323
590 _aBATCH-UPD
_b10
_c20130410
_lUCH01
_h1613
590 _aBATCH-UPD
_b10
_c20130914
_lUCH01
_h1245
590 _aCONVERSION
_b10
_c20130109
_lUCH01
_h1339
650 1 4 _aEducación superior
_xDirectorios
_xMéxico.
_935626
650 1 4 _aMedio ambiente
_xEstudio y enseñanza
_xDirectorios.
_974091
901 _aBK
905 _aGuadalupe Pinto C.
942 _cLIBRO
949 _a574.5025 M4
_bBC
_cC
_d33724000718375
_eC
_h86746
_i82681
_mD
_sb
999 _c72152
_d72152